[Event "SPICE Cup Open 2018"]
[Site "Saint Louis USA"]
[Date "2018.10.26"]
[Round "6.15"]
[White "Colas, Joshua"]
[Black "Polavaram, Rithik"]
[Result "1/2-1/2"]
[WhiteTitle "FM"]
[WhiteElo "2334"]
[BlackElo "2069"]
[WhiteFideId "2044447"]
[BlackFideId "2081997"]
[EventDate "2018.10.23"]

1. Nf3 Nf6 2. d4 e6 3. Bg5 h6 4. Bh4 d6 5. e3 g5 6. Bg3 Nh5 7. Nfd2 Nxg3 8. hxg3
Bg7 9. Bd3 Qe7 10. c3 Nd7 11. Na3 a6 12. Nc2 O-O 13. Qe2 f5 14. e4 Qf6 15. O-O-O
d5 16. exd5 exd5 17. Ne3 Nb6 18. g4 fxg4 19. Nxg4 Bxg4 20. Qxg4 Rae8 21. Rdf1
Qf4 22. Qd1 Nc4 23. Bxc4 dxc4 24. g3 Qf7 25. f4 Qd5 26. Qg4 b5 27. fxg5 Qxg5 28.
Rxf8+ Bxf8 29. Qxg5+ hxg5 30. Nf3 Re3 31. Nxg5 Rxg3 32. Ne4 Rg2 33. Rf1 Be7 34.
a3 Kg7 35. Rf5 Rg1+ 36. Kc2 Rg2+ 37. Kb1 Rg1+ 38. Ka2 Re1 39. Nc5 Kg6 40. Rd5 c6
41. Rd7 Bxc5 42. dxc5 Kf5 43. Ra7 Ke6 44. Rxa6 Kd5 45. a4 bxa4 46. Rxa4 Kxc5 47.
Ra5+ Kb6 48. Rg5 c5 49. Rg8 Kc6 50. Rc8+ Kb5 51. Rb8+ Kc6 52. Rh8 Rf1 53. Rh5
Rg1 54. b4 cxb3+ 55. Kxb3 Kb5 56. c4+ Kc6 57. Rh6+ Kc7 58. Ka4 Rb1 59. Ka5 Rb4
60. Rh4 Kc6 61. Rg4 Kc7 1/2-1/2

[Event "SPICE Cup Open 2018"]
[Site "Saint Louis USA"]
[Date "2018.10.26"]
[Round "6.16"]
[White "Moon, Benjamin"]
[Black "Watson, John"]
[Result "1-0"]
[BlackTitle "IM"]
[WhiteElo "2304"]
[BlackElo "2203"]
[WhiteFideId "2064847"]
[BlackFideId "2000768"]
[EventDate "2018.10.23"]

1. d4 c5 2. dxc5 e6 3. Nc3 Bxc5 4. Ne4 Nf6 5. Nxc5 Qa5+ 6. c3 Qxc5 7. Nf3 Nc6 8.
Qc2 d5 9. Bf4 Nh5 10. Bg3 Nxg3 11. hxg3 f5 12. e3 e5 13. Qa4 e4 14. Nd4 O-O 15.
Bb5 Bd7 16. Bxc6 bxc6 17. Nb3 Qd6 18. Qd4 Rfb8 19. O-O Bc8 20. Rfd1 Be6 21. Rd2
Bf7 22. Nc5 a5 23. a4 h5 24. b4 Kh7 25. Rb2 Qe7 26. Rab1 h4 27. gxh4 Rh8 28.
bxa5 Rag8 29. Rb7 1-0

[Event "SPICE Cup Open 2018"]
[Site "Saint Louis USA"]
[Date "2018.10.26"]
[Round "6.17"]
[White "Betaneli, Alexander"]
[Black "Polgar-Shutzman, Tom"]
[Result "0-1"]
[WhiteTitle "FM"]
[WhiteElo "2272"]
[BlackElo "2130"]
[WhiteFideId "2012359"]
[BlackFideId "2064880"]
[EventDate "2018.10.23"]

1. c4 e5 2. g3 Nf6 3. Bg2 Bc5 4. Nc3 Nc6 5. a3 a5 6. e3 d6 7. Nge2 O-O 8. O-O
Ba7 9. h3 Bf5 10. d4 h6 11. b3 Re8 12. d5 Nb8 13. e4 Bh7 14. Be3 Nbd7 15. Bxa7
Rxa7 16. Qc2 b6 17. Nb5 Ra8 18. Nec3 Rf8 19. Kh2 Ne8 20. f4 exf4 21. gxf4 Qh4
22. Qf2 Qxf2 23. Rxf2 Nc5 24. Nd4 Nf6 25. e5 Nd3 26. Rd2 dxe5 27. Rxd3 Bxd3 28.
fxe5 Nh5 29. Rd1 Nf4 30. Kg3 g5 31. Be4 Rae8 32. Bxd3 Rxe5 33. Be4 Rfe8 34. Kf3
Nxh3 35. Rd2 h5 36. Nc6 g4+ 37. Kg3 Rxe4 38. Nxe4 Rxe4 39. Kh4 f5 40. Kxh5 g3
41. d6 cxd6 42. Rxd6 g2 43. Rd8+ Kg7 44. Rd7+ Kf6 45. Rd6+ Kf7 46. Rd7+ Ke6 0-1

[Event "SPICE Cup Open 2018"]
[Site "Saint Louis USA"]
[Date "2018.10.26"]
[Round "6.18"]
[White "Grabinsky, Aaron"]
[Black "Eckert, Doug"]
[Result "1-0"]
[BlackTitle "FM"]
[WhiteElo "2375"]
[BlackElo "2124"]
[WhiteFideId "2087090"]
[BlackFideId "2001993"]
[EventDate "2018.10.23"]

1. d4 Nf6 2. Bf4 d5 3. e3 e6 4. c3 Bd6 5. Bg3 O-O 6. Nd2 b6 7. Ngf3 Bb7 8. Bd3
Ne4 9. Bh4 Be7 10. Bxe7 Qxe7 11. Qc2 f5 12. Ne5 Nxd2 13. Qxd2 Nd7 14. O-O-O Nxe5
15. dxe5 c5 16. Rhg1 Qh4 17. f4 Rad8 18. g3 Qe7 19. g4 fxg4 20. Rxg4 d4 21. Rdg1
Rf7 22. exd4 cxd4 23. c4 Bf3 24. Rg5 Qb7 25. Qc2 h6 26. Rg6 Kh8 27. Rxe6 Rxf4
28. Qd2 Rdf8 29. Qxf4 1-0

[Event "SPICE Cup Open 2018"]
[Site "Saint Louis USA"]
[Date "2018.10.27"]
[Round "7.1"]
[White "Bok, Benjamin"]
[Black "Gledura, Benjamin"]
[Result "1/2-1/2"]
[WhiteTitle "GM"]
[BlackTitle "GM"]
[WhiteElo "2639"]
[BlackElo "2621"]
[WhiteFideId "1017063"]
[BlackFideId "712779"]
[EventDate "2018.10.23"]

1. Nf3 d5 2. d4 Nf6 3. c4 c6 4. cxd5 cxd5 5. Nc3 Nc6 6. Bf4 Nh5 7. Bd2 Nf6 8. e3
g6 9. Be2 Bg7 10. Ne5 O-O 11. O-O Nxe5 12. dxe5 Ne4 13. Nxe4 dxe4 14. Bc3 Qxd1
15. Rfxd1 Be6 16. f4 1/2-1/2

[Event "SPICE Cup Open 2018"]
[Site "Saint Louis USA"]
[Date "2018.10.27"]
[Round "7.2"]
[White "Liang, Awonder"]
[Black "Durarbayli, Vasif"]
[Result "0-1"]
[WhiteTitle "GM"]
[BlackTitle "GM"]
[WhiteElo "2572"]
[BlackElo "2629"]
[WhiteFideId "2056437"]
[BlackFideId "13402935"]
[EventDate "2018.10.23"]

1. e4 e6 2. d4 d5 3. Bd3 c5 4. exd5 exd5 5. Nf3 Nc6 6. O-O cxd4 7. Re1+ Be7 8.
Bg5 h6 9. Bxe7 Ngxe7 10. h3 Qb6 11. Qc1 O-O 12. Nbd2 Bf5 13. Bxf5 Nxf5 14. Nb3
Nd6 15. Qd1 Rfe8 16. Rxe8+ Rxe8 17. Nfxd4 Ne4 18. c3 a5 19. Qe2 a4 20. Nxc6 bxc6
21. Nd4 Rb8 22. f3 Nd6 23. Rb1 a3 24. b3 c5 25. Nc2 Nb5 26. Qd2 Qf6 27. c4 dxc4
28. bxc4 Qb2 29. Rf1 Nd4 30. Rf2 Qxa2 31. Nxd4 Qxd2 32. Rxd2 cxd4 33. Ra2 Rb3
34. Kh2 Kf8 35. Kg3 Ke7 36. c5 Kd7 37. Rc2 0-1

[Event "SPICE Cup Open 2018"]
[Site "Saint Louis USA"]
[Date "2018.10.27"]
[Round "7.3"]
[White "Cori, Jorge"]
[Black "Shimanov, Aleksandr"]
[Result "1/2-1/2"]
[WhiteTitle "GM"]
[BlackTitle "GM"]
[WhiteElo "2664"]
[BlackElo "2626"]
[WhiteFideId "3802272"]
[BlackFideId "4198603"]
[EventDate "2018.10.23"]

1. Nf3 Nf6 2. c4 c5 3. g3 Nc6 4. Bg2 d5 5. cxd5 Nxd5 6. Nc3 g6 7. O-O Bg7 8.
Nxd5 Qxd5 9. d3 O-O 10. Be3 Bd7 11. Nd4 Qd6 12. Nxc6 Bxc6 13. Bxc6 Qxc6 14. Rc1
Qa6 15. Qb3 b6 16. Rc4 Rfd8 17. Rfc1 Rd7 18. h4 1/2-1/2

[Event "SPICE Cup Open 2018"]
[Site "Saint Louis USA"]
[Date "2018.10.27"]
[Round "7.4"]
[White "Patel, Advait"]
[Black "Bruzon Batista, Lazaro"]
[Result "0-1"]
[WhiteTitle "IM"]
[BlackTitle "GM"]
[WhiteElo "2461"]
[BlackElo "2653"]
[WhiteFideId "2075105"]
[BlackFideId "3503739"]
[EventDate "2018.10.23"]

1. e4 c5 2. Nf3 d6 3. d4 cxd4 4. Nxd4 Nf6 5. Nc3 a6 6. Bg5 e6 7. f4 Nbd7 8. Qe2
Qc7 9. O-O-O b5 10. a3 Be7 11. g4 Bb7 12. Kb1 h6 13. Bh4 Rc8 14. Rg1 g6 15. Bg3
e5 16. Nb3 Nb6 17. h4 Na4 18. Nd5 Bxd5 19. exd5 Nxg4 20. Bh3 h5 21. Rg2 exf4 22.
Bxf4 Kf8 23. Bxg4 hxg4 24. Rxg4 Bf6 25. Qh2 Qd7 26. Bxd6+ Kg8 27. Rdg1 Rc4 28.
Bf4 Bxb2 29. d6 Bg7 30. Qd2 Rh5 31. Qd3 Nc3+ 32. Kc1 Rd5 33. Qf3 Qf5 0-1

[Event "SPICE Cup Open 2018"]
[Site "Saint Louis USA"]
[Date "2018.10.27"]
[Round "7.5"]
[White "Lenderman, Aleksandr"]
[Black "Prohaszka, Peter2"]
[Result "1-0"]
[WhiteTitle "GM"]
[BlackTitle "GM"]
[WhiteElo "2626"]
[BlackElo "2626"]
[WhiteFideId "2021285"]
[BlackFideId "726265"]
[EventDate "2018.10.23"]

1. c4 c6 2. d4 d5 3. Nf3 Nf6 4. Nc3 dxc4 5. a4 Bf5 6. Ne5 Nbd7 7. Nxc4 Nb6 8.
Ne5 a5 9. h4 h6 10. f3 Nfd7 11. e4 Bh7 12. Nd3 e6 13. Be3 Bd6 14. Ne2 O-O 15.
Qb3 Rb8 16. g4 Be7 17. Bf2 Nc8 18. Rc1 Re8 19. Nef4 e5 20. dxe5 Nxe5 21. Be2 Bf6
22. Kf1 Nd6 23. Nh5 b5 24. Nxf6+ Qxf6 25. Nxe5 Qxe5 26. Rc5 Nxe4 27. fxe4 Qxe4
28. Bf3 Qf4 29. axb5 Rxb5 30. Rxb5 cxb5 31. Qxb5 Rb8 32. Qd5 h5 33. Rg1 Qc1+ 34.
Kg2 Qxb2 35. gxh5 a4 36. Re1 a3 37. Re7 a2 38. Qxf7+ Kh8 39. Re8+ Rxe8 40. Qxe8+
Bg8 41. Bd5 1-0

[Event "SPICE Cup Open 2018"]
[Site "Saint Louis USA"]
[Date "2018.10.27"]
[Round "7.6"]
[White "Nyzhnyk, Illya"]
[Black "Tang, Andrew"]
[Result "1-0"]
[WhiteTitle "GM"]
[BlackTitle "GM"]
[WhiteElo "2626"]
[BlackElo "2469"]
[WhiteFideId "14118084"]
[BlackFideId "2059630"]
[EventDate "2018.10.23"]

1. c4 e6 2. d4 d5 3. Nc3 Nf6 4. Bg5 Be7 5. Nf3 h6 6. Bh4 O-O 7. Rc1 b6 8. e3 Bb7
9. a3 Nbd7 10. cxd5 exd5 11. Qb3 Re8 12. Be2 c6 13. Bg3 Nh5 14. Be5 Nhf6 15. O-O
Nxe5 16. Nxe5 Nd7 17. f4 Nxe5 18. fxe5 Bg5 19. Ne4 dxe4 20. h4 Bxe3+ 21. Qxe3
Qxh4 22. Rf5 g6 23. g3 Qh3 24. Rf2 c5 25. Bc4 Re7 26. dxc5 Rd8 27. c6 Bxc6 28.
e6 Bd5 29. Rh2 Qg4 30. Qxh6 Qxg3+ 31. Rg2 Qe5 32. exf7+ Rxf7 33. Rxg6+ Rg7 34.
Bxd5+ 1-0

[Event "SPICE Cup Open 2018"]
[Site "Saint Louis USA"]
[Date "2018.10.27"]
[Round "7.7"]
[White "Wang, Kevin"]
[Black "Quesada Perez, Yuniesky"]
[Result "1/2-1/2"]
[WhiteTitle "IM"]
[BlackTitle "GM"]
[WhiteElo "2447"]
[BlackElo "2622"]
[WhiteFideId "2008424"]
[BlackFideId "3504409"]
[EventDate "2018.10.23"]

1. e4 c5 2. c3 Nf6 3. e5 Nd5 4. Nf3 e6 5. d4 cxd4 6. cxd4 d6 7. Bc4 Nc6 8. O-O
Be7 9. Qe2 O-O 10. Nc3 Nxc3 11. bxc3 dxe5 12. dxe5 Qa5 13. Bd2 Rd8 14. Rfe1 Bd7
15. Bb3 Qc7 16. Qe4 Be8 17. Bg5 h6 18. Bd2 Bf8 19. h4 Na5 20. Bc2 g6 21. Qg4
Rxd2 22. Nxd2 Qxc3 23. Nb3 Nc6 24. Rac1 Ba3 25. Re3 Qb4 26. Re4 Qc3 27. Re3 Qb4
28. Re4 Qc3 1/2-1/2

[Event "SPICE Cup Open 2018"]
[Site "Saint Louis USA"]
[Date "2018.10.27"]
[Round "7.8"]
[White "Cordova, Emilio"]
[Black "Ostrovskiy, Aleksandr"]
[Result "1/2-1/2"]
[WhiteTitle "GM"]
[BlackTitle "IM"]
[WhiteElo "2609"]
[BlackElo "2423"]
[WhiteFideId "3801497"]
[BlackFideId "2034239"]
[EventDate "2018.10.23"]

1. d4 d5 2. Nf3 Nf6 3. c4 e6 4. g3 dxc4 5. Bg2 a6 6. O-O Nc6 7. e3 Bd7 8. Qe2
Bd6 9. Qxc4 O-O 10. Qe2 e5 11. dxe5 Nxe5 12. Nxe5 Bxe5 13. Na3 c6 14. Rd1 Qe7
15. Nc4 Bc7 16. b3 Bg4 17. Bf3 Bxf3 18. Qxf3 Rfd8 19. Bb2 Qe4 20. Kg2 Qxf3+ 21.
Kxf3 Ne8 22. Bc3 b6 23. Be5 Rxd1 24. Rxd1 Rd8 25. Rc1 Bxe5 26. Nxe5 c5 27. a4 f6
28. Nc4 Rb8 29. Ke4 b5 30. axb5 axb5 31. Na3 c4 32. bxc4 Nd6+ 33. Kd3 Nxc4 34.
Nxc4 Rd8+ 35. Ke4 bxc4 36. Rxc4 Rd2 37. Kf3 h5 38. Rc5 g6 39. Rc7 Ra2 40. h4 Rb2
41. e4 Ra2 42. Ke3 Rb2 43. Rd7 Kf8 44. f3 Rb3+ 45. Rd3 Rb5 46. Rd5 Rb3+ 47. Rd3
Rb7 48. f4 Rb5 49. Kd4 Kf7 50. Rc3 Rb7 51. e5 fxe5+ 52. fxe5 Ra7 53. Kd5 Ke7 54.
Rc6 Ra5+ 55. Rc5 Ra7 56. Rb5 Kd7 57. e6+ Ke7 58. Ke5 Rc7 59. Ra5 Rc3 60. Ra7+
Ke8 61. Ra8+ Ke7 62. Ra7+ Ke8 63. Kf6 Rf3+ 64. Kxg6 Rxg3+ 65. Kxh5 Re3 66. Ra6
Ke7 67. Kh6 Kf6 68. h5 Rg3 69. Rb6 Rh3 70. Rc6 Rh2 71. Ra6 Rh1 72. Ra2 Kxe6 73.
Rf2 Rg1 74. Kh7 Ke7 75. h6 Rg3 76. Ra2 Kf7 77. Ra7+ Kf8 78. Rg7 Rf3 79. Rg1 Rf7+ 1/2-1/2

[Event "SPICE Cup Open 2018"]
[Site "Saint Louis USA"]
[Date "2018.10.27"]
[Round "7.9"]
[White "Chandra, Akshat"]
[Black "Williams, Justus"]
[Result "1-0"]
[WhiteTitle "GM"]
[BlackTitle "FM"]
[WhiteElo "2471"]
[BlackElo "2344"]
[WhiteFideId "25006711"]
[BlackFideId "2049929"]
[EventDate "2018.10.23"]

1. d4 Nf6 2. c4 e6 3. Nf3 Bb4+ 4. Bd2 Qe7 5. g3 Nc6 6. Nc3 e5 7. dxe5 Nxe5 8.
Nxe5 Qxe5 9. Bg2 O-O 10. O-O d6 11. Rc1 Bc5 12. a3 Qh5 13. b4 Bb6 14. Na4 Rd8
15. Bc3 Bh3 16. Bxf6 Bxg2 17. Kxg2 gxf6 18. e3 Qe5 19. Qf3 c6 20. Rfd1 Kh8 21.
Rd3 Rg8 22. Rcd1 Rad8 23. b5 Ba5 24. bxc6 bxc6 25. Qxc6 d5 26. Rxd5 Qe4+ 27. Kg1
Qf3 28. Qb5 Qxd1+ 29. Rxd1 Rxd1+ 30. Kg2 Bc7 31. Nc3 Ra1 32. Nd5 Be5 33. Qd7 Kg7
34. c5 Rxa3 35. c6 Rd3 36. Qg4+ Kh8 37. Qc4 Rd2 38. c7 Rc8 39. Qa6 Rxc7 40. Nxc7
Bxc7 41. Qxf6+ Kg8 42. Qg5+ Kf8 43. Qc5+ Bd6 44. Qxa7 Be7 45. Qa5 Rd6 46. Qe5
Rf6 47. f4 h6 48. e4 Bd8 49. h4 Re6 50. Qh8+ Ke7 51. e5 Ra6 52. f5 Ra5 53. f6+
Kd7 54. e6+ fxe6 55. f7 Be7 56. Qe8+ 1-0

[Event "SPICE Cup Open 2018"]
[Site "Saint Louis USA"]
[Date "2018.10.27"]
[Round "7.10"]
[White "Escalante Ramirez, Brian Sebasti"]
[Black "Kiewra, Keaton"]
[Result "1/2-1/2"]
[WhiteTitle "IM"]
[BlackTitle "IM"]
[WhiteElo "2442"]
[BlackElo "2375"]
[WhiteFideId "3819566"]
[BlackFideId "2019280"]
[EventDate "2018.10.23"]

1. e4 c5 2. Nc3 Nc6 3. Nge2 Nf6 4. d4 cxd4 5. Nxd4 e5 6. Ndb5 h6 7. Nd5 Nxd5 8.
exd5 a6 9. dxc6 axb5 10. cxd7+ Bxd7 11. Qd5 Qc7 12. Bd2 Bc5 13. Bc3 O-O-O 14.
Bd3 Bg4 15. Qb3 e4 16. Bxb5 Bxf2+ 17. Kxf2 Qf4+ 18. Kg1 Qe3+ 19. Kf1 Qf4+ 20.
Kg1 Qe3+ 21. Kf1 1/2-1/2

[Event "SPICE Cup Open 2018"]
[Site "Saint Louis USA"]
[Date "2018.10.27"]
[Round "7.11"]
[White "Wang, Justin"]
[Black "Narayanan, Samrug"]
[Result "1-0"]
[WhiteTitle "FM"]
[WhiteElo "2377"]
[BlackElo "2145"]
[WhiteFideId "30911370"]
[BlackFideId "30914051"]
[EventDate "2018.10.23"]

1. e4 e6 2. d4 d5 3. Nc3 Bb4 4. e5 c5 5. a3 Bxc3+ 6. bxc3 Qa5 7. Bd2 Qa4 8. Qb1
c4 9. Nh3 Ne7 10. Nf4 Nbc6 11. g3 Bd7 12. Bh3 O-O-O 13. Nh5 g6 14. Nf6 Ng8 15.
Nxg8 Rhxg8 16. O-O g5 17. Qd1 h5 18. Bg2 h4 19. g4 Rg7 20. h3 Ne7 21. Ra2 Rf8
22. Qe1 Rd8 23. f4 Kc7 24. f5 Rgg8 25. fxe6 Bxe6 26. Qc1 Qd7 27. Bf3 Rg6 28. Be2
Rdg8 29. Rf2 Nc6 30. Qf1 Qe7 31. a4 b6 32. Bc1 Qd8 33. Ba3 Kb7 34. Bd6 f6 35.
Bf3 Qd7 36. Qg2 Qf7 37. Ra1 Rd8 38. Raf1 Qg8 39. Be2 fxe5 40. dxe5 Qg7 41. Qh2
Bg8 42. Bf3 Be6 43. Qg2 Qg8 44. Rd1 Ka6 45. Rxd5 Qg7 46. Rdd2 Na5 47. Rd4 Qd7
48. Be4 Rgg8 49. Rf6 Rde8 50. Bb4 Qxa4 51. Bxa5 Kxa5 52. Bc6 Qa1+ 53. Rf1 Qxc3
54. Rd5+ b5 55. Rxb5+ Ka6 56. Bb7+ 1-0

[Event "SPICE Cup Open 2018"]
[Site "Saint Louis USA"]
[Date "2018.10.27"]
[Round "7.12"]
[White "Santarius, Erik"]
[Black "Daggupati, Balaji"]
[Result "0-1"]
[WhiteTitle "IM"]
[BlackTitle "FM"]
[WhiteElo "2404"]
[BlackElo "2202"]
[WhiteFideId "2025817"]
[BlackFideId "2090759"]
[EventDate "2018.10.23"]

1. d4 d5 2. c4 c6 3. cxd5 cxd5 4. Nf3 Nf6 5. Nc3 Nc6 6. Bf4 Bf5 7. e3 e6 8. Bd3
Bxd3 9. Qxd3 Bd6 10. Bxd6 Qxd6 11. O-O O-O 12. Rac1 Rac8 13. a3 a6 14. Na4 Na5
15. Nc5 Rc7 16. Ne5 Rfc8 17. b4 Nc6 18. f4 Nd8 19. a4 Ne4 20. Rb1 f6 21. Nf3 a5
22. Nxe4 dxe4 23. Qxe4 axb4 24. d5 Rc4 25. Nd4 Qxd5 26. Qxd5 exd5 27. Nf5 R8c5
28. Rfd1 Nc6 29. Nd6 Rc2 30. Nxb7 R5c3 31. Rxd5 Rxe3 32. Rc5 Rec3 33. Rb5 Ra2
34. Kh1 b3 35. h3 Nd4 36. Rb4 Rxh3+ 0-1

[Event "SPICE Cup Open 2018"]
[Site "Saint Louis USA"]
[Date "2018.10.27"]
[Round "7.13"]
[White "Peng, David"]
[Black "Ghazarian, Kirk"]
[Result "1-0"]
[WhiteTitle "FM"]
[WhiteElo "2341"]
[BlackElo "2222"]
[WhiteFideId "2059355"]
[BlackFideId "30908604"]
[EventDate "2018.10.23"]

1. e4 c5 2. Nf3 Nc6 3. d4 cxd4 4. Nxd4 g6 5. Nc3 Bg7 6. Nb3 Nf6 7. Bg5 d6 8. Qd2
h6 9. Bf4 Be6 10. O-O-O a6 11. f3 Bxb3 12. cxb3 Qa5 13. Kb1 b5 14. g4 Nd7 15.
Bg2 Rc8 16. Rc1 Nc5 17. Nd5 Qxd2 18. Bxd2 e6 19. Nf4 Ke7 20. b4 Nd7 21. Nd3 Nde5
22. Nxe5 Bxe5 23. f4 Bd4 24. Bf3 Bb6 25. h4 Nd4 26. Rxc8 Rxc8 27. Bd1 f6 28. Be3
Nb3 29. Bxb3 Bxe3 30. f5 gxf5 31. gxf5 e5 32. Bd5 Rc7 33. a3 Kd8 34. Rh2 Rc1+
35. Ka2 Kc7 36. Rg2 Bd4 37. Rg7+ Kb8 38. Rf7 Rc2 39. Kb1 Rxb2+ 40. Kc1 Rh2 41.
Rxf6 Rxh4 42. Rxd6 Rf4 43. Rxh6 Ka7 44. Rh7+ Kb8 45. Bb7 Ka7 46. Bc8+ Kb8 47.
Bxa6 Rxe4 48. f6 Rf4 49. Rb7+ Kc8 50. f7 Kd8 51. Bxb5 Rf2 52. Rb8+ Ke7 53. Bc4
Bb2+ 54. Kb1 Bxa3 55. Re8+ 1-0

[Event "SPICE Cup Open 2018"]
[Site "Saint Louis USA"]
[Date "2018.10.27"]
[Round "7.15"]
[White "Polgar-Shutzman, Tom"]
[Black "Moon, Benjamin"]
[Result "1-0"]
[WhiteElo "2130"]
[BlackElo "2304"]
[WhiteFideId "2064880"]
[BlackFideId "2064847"]
[EventDate "2018.10.23"]

1. e4 d5 2. exd5 Qxd5 3. Nc3 Qd6 4. d4 Nf6 5. Nf3 c6 6. Bc4 Bf5 7. O-O e6 8. a4
Nbd7 9. h3 h6 10. Re1 Qc7 11. Bd3 Bxd3 12. Qxd3 Bd6 13. Be3 O-O 14. Rad1 Qa5 15.
Bd2 Bb4 16. b3 Rfd8 17. Na2 Bxd2 18. Qxd2 Qb6 19. Nc3 Rac8 20. Qe2 Qb4 21. Na2
Qb6 22. Nc3 Qb4 23. Na2 Qa3 24. Nc3 Nd5 25. Nb1 Qb4 26. c4 N5f6 27. Qe3 b5 28.
axb5 cxb5 29. Nbd2 a5 30. Rb1 Rb8 31. Rec1 Qd6 32. Ra1 Qa6 33. Ra2 Ra8 34. Rca1
Qb6 35. Nb1 b4 36. Nbd2 Nb8 37. Ne4 Nxe4 38. Qxe4 Nc6 39. Rd1 Ra7 40. Rad2 Ne7
41. Ne5 a4 42. bxa4 Rxa4 43. d5 exd5 44. cxd5 Raa8 45. d6 Ng6 46. Nxf7 Kxf7 47.
Qd5+ Kf6 48. Rd3 Ra3 49. Re1 Nf4 50. Qe5+ Kg6 51. Qe4+ Kg5 52. Qe5+ Kg6 53. Qe4+
Kg5 54. h4+ Kg4 55. Qf3+ Kf5 56. Qe4+ Kg4 57. Qf3+ Kf5 58. Rd5+ Kg6 59. Qe4+ Kf7
60. Qxf4+ Kg8 61. d7 Raa8 62. Rd6 Qc5 63. Qd4 Qxd4 64. Rxd4 Rab8 65. Rxb4 Rxb4
66. Re8+ Kf7 67. Rxd8 Rd4 68. h5 Rd5 69. g3 Ke7 70. Rg8 Kxd7 71. Rxg7+ 1-0

[Event "SPICE Cup Open 2018"]
[Site "Saint Louis USA"]
[Date "2018.10.27"]
[Round "7.16"]
[White "Polavaram, Rithik"]
[Black "Grabinsky, Aaron"]
[Result "0-1"]
[WhiteElo "2069"]
[BlackElo "2375"]
[WhiteFideId "2081997"]
[BlackFideId "2087090"]
[EventDate "2018.10.23"]

1. d4 Nf6 2. c4 e6 3. Nc3 Bb4 4. e3 O-O 5. Ne2 c6 6. a3 Ba5 7. b4 Bc7 8. e4 d5
9. e5 Nfd7 10. c5 f6 11. f4 fxe5 12. fxe5 Nxe5 13. dxe5 Bxe5 14. Be3 a5 15. Rb1
axb4 16. axb4 Qf6 17. Qd2 Ra3 18. Nd1 Qg6 19. Qc1 Ra2 20. Rb3 b6 21. Qb1 Rc2 22.
Nf4 Bxf4 23. Bd3 Qxg2 24. Rg1 Qxh2 25. Qxc2 Bg3+ 26. Rxg3 Qxg3+ 27. Bf2 Qh2 28.
Bf1 b5 29. Rh3 Qe5+ 30. Re3 Qf4 31. Qb2 Na6 32. Rb3 e5 33. Bg2 Qg4 34. Ne3 Qg5
35. Bf1 d4 36. Nd1 Bg4 37. Rg3 Qf4 38. Rxg4 Qxg4 39. Qa2+ Kh8 40. Qxa6 Qe4+ 41.
Kd2 Qd5 42. Qa1 e4 43. Bxd4 Rd8 44. Ke3 Qg5+ 45. Ke2 Qg4+ 46. Ke1 Qg3+ 47. Ke2
Qd3+ 48. Ke1 Qxd4 49. Qxd4 Rxd4 50. Nc3 Rxb4 51. Kd2 g6 52. Ke3 Rb3 53. Kd2 e3+
54. Kc2 Rb4 55. Kd3 Rc4 56. Ne4 Rc1 57. Be2 b4 58. Kxe3 b3 59. Nd2 b2 60. Bd3
Rxc5 61. Kd4 Rc1 62. Ke4 c5 63. Kd5 Rd1 64. Kxc5 Rxd2 65. Kc4 Rxd3 0-1

[Event "SPICE Cup Open 2018"]
[Site "Saint Louis USA"]
[Date "2018.10.27"]
[Round "7.17"]
[White "Wang, Tianqi"]
[Black "Betaneli, Alexander"]
[Result "1-0"]
[BlackTitle "FM"]
[WhiteElo "2346"]
[BlackElo "2272"]
[WhiteFideId "2063824"]
[BlackFideId "2012359"]
[EventDate "2018.10.23"]

1. d4 d5 2. c4 e6 3. cxd5 exd5 4. Nc3 c6 5. Bf4 Bd6 6. Bg3 Ne7 7. e3 Bf5 8. Qb3
Bxg3 9. hxg3 Qb6 10. Qa3 Nd7 11. Nf3 a5 12. Nh4 Qb4 13. Nxf5 Nxf5 14. Bd3 Nd6
15. Rc1 Nb6 16. Rc2 h6 17. g4 Kd7 18. Kd1 f6 19. Nb1 Nbc4 20. Qc3 Rhe8 21. a3
Qxc3 22. Nxc3 a4 23. Re1 b5 24. Na2 Re7 25. Nb4 Kc7 26. Kc1 Kb6 27. Kb1 Rf8 28.
Rce2 Ne4 29. Kc2 Ned6 30. Kc3 f5 31. gxf5 Nxf5 32. Bxf5 Rxf5 33. Nd3 Rf8 34. f3
Rfe8 35. e4 dxe4 36. fxe4 Kc7 37. Nc5 Nd6 38. e5 Nb7 39. Ne4 c5 40. Nxc5 Nxc5
41. dxc5 Kc6 42. e6 Rd8 43. Re5 Rf8 44. Rd1 Rf2 45. Rd6+ Kc7 46. Ra6 Kb7 47.
Rb6+ Kc7 48. Rxb5 Rxg2 49. Ra5 Rg3+ 50. Kc4 Kc6 51. Ra6+ Kb7 52. Rxa4 h5 53. Rd5
Rg4+ 54. Rd4 1-0

[Event "SPICE Cup Open 2018"]
[Site "Saint Louis USA"]
[Date "2018.10.27"]
[Round "7.18"]
[White "Watson, John"]
[Black "Shoykhet, Benjamin"]
[Result "1-0"]
[WhiteTitle "IM"]
[WhiteElo "2203"]
[BlackElo "1855"]
[WhiteFideId "2000768"]
[BlackFideId "30919746"]
[EventDate "2018.10.23"]

1. d4 Nf6 2. c4 c5 3. Nf3 cxd4 4. Nxd4 Nc6 5. Nc3 g6 6. g3 Bg7 7. Bg2 O-O 8. O-O
d6 9. Nc2 Be6 10. Nd5 Rc8 11. Bg5 Ne5 12. Bxf6 exf6 13. b3 f5 14. Qd2 Bxd5 15.
Qxd5 Rc7 16. Rad1 Rd7 17. Qd2 Re8 18. h3 Qb6 19. Kh1 a5 20. Ne3 Nc6 21. Nd5 Qc5
22. e3 Nb4 23. Nf4 Ra8 24. Rc1 Ra6 25. Rfd1 Be5 26. a3 Nc6 27. b4 axb4 28. Nd3
Qb6 29. axb4 Ra8 30. b5 Nb8 31. Nb4 Ra4 32. Nd3 Ra8 33. Rc2 Rc7 34. c5 Qa5 35.
Qxa5 Rxa5 36. Nxe5 dxe5 37. Rd8+ Kg7 38. b6 Rcxc5 39. Rxc5 Rxc5 40. Rxb8 Rb5 41.
Rxb7 e4 42. Bf1 Rb1 43. Kg2 Rb4 44. Rb8 Kf6 45. b7 Ke7 46. Ba6 1-0

[Event "SPICE Cup Open 2018"]
[Site "Saint Louis USA"]
[Date "2018.10.27"]
[Round "8.1"]
[White "Gledura, Benjamin"]
[Black "Nyzhnyk, Illya"]
[Result "0-1"]
[WhiteTitle "GM"]
[BlackTitle "GM"]
[WhiteElo "2621"]
[BlackElo "2626"]
[WhiteFideId "712779"]
[BlackFideId "14118084"]
[EventDate "2018.10.23"]

1. e4 e6 2. d4 d5 3. Nc3 Nf6 4. e5 Nfd7 5. f4 c5 6. Nf3 Nc6 7. Be3 a6 8. Qd2 Be7
9. Bd3 b5 10. O-O b4 11. Nd1 a5 12. Qf2 c4 13. Be2 a4 14. g4 Nb6 15. Qg2 Ba6 16.
f5 Qd7 17. c3 exf5 18. gxf5 Qxf5 19. Nh4 Qe4 20. Qxg7 O-O-O 21. Qg4+ Kb8 22.
Qxe4 dxe4 23. Nf5 Nd5 24. a3 bxa3 25. Nxe7 Ncxe7 26. Rxa3 Bb5 27. Ra1 Rhg8+ 28.
Kh1 Bd7 29. Rxf7 Nf5 30. Bxc4 Nfxe3 31. Nxe3 Nxe3 32. Rxd7 Nxc4 33. Rxd8+ Rxd8
34. Rxa4 Nd2 35. Ra1 Nf3 36. Kg2 Rf8 37. e6 Kc7 38. e7 Re8 39. Kf2 Kb6 40. Ke3
Rxe7 41. h3 Nh4 42. Rf1 Ng2+ 43. Ke2 e3 44. Rf5 Kc6 45. c4 Re4 46. Rf6+ Kd7 47.
Rf1 Nf4+ 48. Kf3 e2 49. Re1 Rxd4 0-1